Finaliści Worlds'ów (LoL) - Statystyki

Ogólne statystyki
  • Ten quiz został rozwiązany 185 razy
  • Średni wynik to 20 z 26
Statystyki odpowiedzi
Rok Miejsce Drużyna % Poprawnych
2017 Wicemistrz SKT T1
100%
2016 Mistrz SKT T1
100%
2015 Mistrz SKT T1
100%
2013 Mistrz SKT T1
100%
2023 Mistrz T1
99%
2022 Wicemistrz T1
99%
2018 Wicemistrz Fnatic
98%
2011 Mistrz Fnatic
98%
2019 Wicemistrz G2 Esports
97%
2017 Mistrz Samsung Galaxy
92%
2016 Wicemistrz Samsung Galaxy
92%
2019 Mistrz FunPlus Phoenix
88%
2018 Mistrz Invictus Gaming
88%
2014 Mistrz Samsung White
86%
2022 Mistrz DRX
85%
2021 Wicemistrz DWG KIA
84%
2020 Mistrz DAMWON Gaming
82%
2021 Mistrz EDward Gaming
80%
2023 Wicemistrz Weibo Gaming
73%
2012 Mistrz Taipei Assassins
70%
2020 Wicemistrz Suning
58%
2011 Wicemistrz against All authority
33%
2013 Wicemistrz Royal Club
27%
2014 Wicemistrz Star Horn Royal Club
27%
2012 Wicemistrz Azubu Frost
22%
2015 Wicemistrz KOO Tigers
22%
Nie znaleziono quizów pasujących do podanych kryteriów
Rozkład punktacji
Procent ludzi z każdym wynikiem
Percentyl według liczby udzielonych odpowiedzi
Twoja historia wyników
Nie rozwiązałeś tego quizu